Resum d'ortografia catalana
Descripción Física:
31 p. ; 15'5 cm
Otros Autores:
Escola Elemental del Treball (Barcelona)
Materias:
Català -- Ortografia
MARC
| LEADER | 00000nam a2200000Ia 4500 | ||
|---|---|---|---|
| 001 | 9256 | ||
| 008 | 160829s9999 xx 000 0 cat d | ||
| 080 | |a RF-1-67 | ||
| 245 | |a Resum d'ortografia catalana | ||
| 260 | |a Barcelona : |b Escola Elemental del Treball, [191 - ?] | ||
| 300 | |a 31 p. ; |c 15'5 cm | ||
| 650 | |a Català |x Ortografia |9 30156 | ||
| 700 | |a Escola Elemental del Treball (Barcelona) |9 55345 | ||
| 856 | 4 | |u https://media.diba.cat/diba/fitxers/arxiu/fulletons/bib_9256_baixa.pdf |y Accés lliure | |
| 856 | 4 | |u https://media.diba.cat/diba/fitxers/arxiu/fulletons/bib_9256_baixa.pdf |y Accés lliure | |
| 901 | |a Arxiu | ||
| 942 | |n 1 |2 udc | ||
| 952 | |0 0 |1 0 |4 0 |6 RF167 |7 1 |9 45298 |a Arxiu |b Arxiu |d 2016-12-01 |l 0 |o RF-1-67 |p 9256 |r 2016-12-01 00:00:00 |w 2016-12-01 |y ARXIU | ||
| 999 | |c 48372 |d 48372 | ||
| 900 | |a bib_9256_baixa.pdf | ||